ملامح السرد فـي شعر شوقي / (رقم التسجيلة. 59521)

تفاصيل مارك
000 -LEADER
fixed length control field 02304cam a2200325 a 4500
003 - CONTROL NUMBER IDENTIFIER
control field EG-GiCUC
005 - DATE AND TIME OF LATEST TRANSACTION
control field 20250223031641.0
008 - FIXED-LENGTH DATA ELEMENTS--GENERAL INFORMATION
fixed length control field 170121s2016 ua f m 000 0 ara d
040 ## - CATALOGING SOURCE
Original cataloging agency EG-GiCUC
Language of cataloging ara
Transcribing agency EG-GiCUC
041 0# - LANGUAGE CODE
Language code of text/sound track or separate title ara
049 ## - LOCAL HOLDINGS (OCLC)
Holding library ايداع
097 ## - Thesis Degree
Thesis Level ماجستير
099 ## - LOCAL FREE-TEXT CALL NUMBER (OCLC)
Classification number Cai01.06.03.M.Sc.2016.مر.م
100 0# - MAIN ENTRY--PERSONAL NAME
Personal name مريم حسام عباس خضر
245 10 - TITLE STATEMENT
Title ملامح السرد فـي شعر شوقي /
Statement of responsibility, etc. مريم حسام عباس خضر ؛ اشراف محمد فتوح أحمد
246 15 - VARYING FORM OF TITLE
Title proper/short title The narrative features in Ahmad Shawqi{u2019} s poetry
260 ## - PUBLICATION, DISTRIBUTION, ETC.
Place of publication, distribution, etc. القاهرة :
Name of publisher, distributor, etc. مريم حسام عباس خضر :
Date of publication, distribution, etc. 2016
300 ## - PHYSICAL DESCRIPTION
Extent 313 ورقة ؛
Dimensions 30سم
502 ## - DISSERTATION NOTE
Dissertation note اطروحة (ماجستير) - جامعة القاهرة - كلية دارالعلوم - قسم الدراسات الأدبية
520 ## - SUMMARY, ETC.
Summary, etc. يقع هذا البحث في مجال العلاقة بين الشعر والسرد؛ متخذًا من الإنتاج الشعري للشاعر المصري أحمد شوقي (1868م {u٢٠١٣} 1932م) موضوعًا له: منطلقًا من تنوع إنتاج هذا الشاعر وثرائه: واقتحامه عالم الشعر القصصي والمسرح الشعري؛ مما أسفر عن حضور ملامح سردية في شعره. ويهدف البحث إلى التعرف على أشكال السرد الموجودة في شعره الغنائي: وتحليل هذه الأشكال على نحو يسهم في التعرف على الدلالات التي تتضمنها: والتوصل إلى الآليات التي تساعد على قراءتها: سواء أكانت هذه الآليات متصلة بالسرد أم بالشعر. ولقد حاول البحث استقاء أدوات من المنهج السيميولوجي في قراءة النصوص وتحليلها: كما اعتمد وصف الظواهر الفنية أداة رئيسة في الدراسة
530 ## - ADDITIONAL PHYSICAL FORM AVAILABLE NOTE
Additional physical form available note صدر ايضا كقرص مدمج
653 #4 - INDEX TERM--UNCONTROLLED
Uncontrolled term احمد شوقي
653 #4 - INDEX TERM--UNCONTROLLED
Uncontrolled term السرد
653 #4 - INDEX TERM--UNCONTROLLED
Uncontrolled term الشعر السردى
700 0# - ADDED ENTRY--PERSONAL NAME
Personal name محمد فتوح أحمد :
Relator term
856 ## - ELECTRONIC LOCATION AND ACCESS
Uniform Resource Identifier <a href="http://172.23.153.220/th.pdf">http://172.23.153.220/th.pdf</a>
905 ## - LOCAL DATA ELEMENT E, LDE (RLIN)
Cataloger Nazla
Reviser Revisor
905 ## - LOCAL DATA ELEMENT E, LDE (RLIN)
Cataloger Soheir
Reviser Cataloger
942 ## - ADDED ENTRY ELEMENTS (KOHA)
Source of classification or shelving scheme Dewey Decimal Classification
Koha item type Thesis
المقتنيات
Source of classification or shelving scheme Not for loan Home library Current library Date acquired Full call number Barcode Date last seen Koha item type Copy number
Dewey Decimal Classification   المكتبة المركزبة الجديدة - جامعة القاهرة قاعة الرسائل الجامعية - الدور الاول 11.02.2024 Cai01.06.03.M.Sc.2016.مر.م 01010100022875000 22.09.2023 Thesis  
Dewey Decimal Classification   المكتبة المركزبة الجديدة - جامعة القاهرة مخـــزن الرســائل الجـــامعية - البدروم 11.02.2024 Cai01.06.03.M.Sc.2016.مر.م 01020100022875000 22.09.2023 CD - Rom 22875.CD
Cairo University Libraries Portal Implemented & Customized by: Eng. M. Mohamady Contacts: new-lib@cl.cu.edu.eg | cnul@cl.cu.edu.eg
CUCL logo CNUL logo
© All rights reserved — Cairo University Libraries
CUCL logo
Implemented & Customized by: Eng. M. Mohamady Contact: new-lib@cl.cu.edu.eg © All rights reserved — New Central Library
CNUL logo
Implemented & Customized by: Eng. M. Mohamady Contact: cnul@cl.cu.edu.eg © All rights reserved — Cairo National University Library